000 00774nam a2200229Ia 4500
003 CO-CtgCURN
005 20250407221519.0
008 190723s9999 xx 000 0 und d
020 _a958808704X
040 _aCO-CtgCURN
_bspa
_ccoctgcurn
082 _a345.02
_bS161i
100 _aSalazar Marin, Mario
245 0 _aInjusto penal y error /
_cMario Salazar Marin
260 _aMedellín, Antioquia :
_bGrupo Editorial Ibañez,
_c2001
300 _a404 páginas ;
_c22 centímetros
521 _aAREA PROFESIONAL
590 _aPrograma de Derecho_18
650 _aDerecho penal
942 _cBK
_h345.02
_iS161i
_2ddc
_n0
999 _c28815
_d28815